| 000 | 00623nam a2200169 i 4500 | ||
|---|---|---|---|
| 001 | 159480 | ||
| 003 | ES-MaACL | ||
| 005 | 20230906211626.0 | ||
| 008 | 000128s1897 fr |||| | fre d | ||
| 040 |
_aCCPB | B _bspa _cCCPB | B |
||
| 100 | 1 |
_aMérimée, Prosper ( _d1803-1870) _980507 |
|
| 245 | 1 | 4 |
_aUne correspondance inédite / _cProsper Mérimée ; avertissement Ferdinad Brunetiére. |
| 260 |
_aParis : _bCalmann Lévy : _bAncienne maison Michel Lévy Fréres, _c1897 ( _fimprimerie Chaix) |
||
| 300 |
_aVI, 332 p. ; _c20 cm. |
||
| 700 | 0 |
_aBrunetière, Ferdinand. _932173 |
|
| 852 |
_aES-MaACL _jF-3544 _z-- Enc. hol. |
||
| 999 |
_c159480 _d159480 |
||